000 00941nam a2200253Ia 4500
003 OSt
005 20221005103107.0
006 a|||||r|||| 00| 0
007 ta
008 221004b |||||||| |||| 00| 0 hin d
024 _a109679
037 _cTextual
040 _aCRL
_cCRL
_bhin
041 _2hin
_ahin
082 _aO152,2:g(Y:1), M7
100 _aकात्यायनी सिंह
245 0 _aहिन्दी नाटकों में भारतीय संस्कृति का स्वरूप
246 _aHindī nāṭakoan mean bhāratīya sanskṛuti kā svarūpa
260 _aइलाहाबाद
_bशारदा पुस्तक भवन भारत
_c1987
300 _a238पृ0
_ccm.
650 _aहिन्दी साहित्य
942 _hO152,2:g(Y:1), M7
_cTEXL
_2cc
999 _c1009418
_d1009418